000 00612nam a2200205Ia 4500
003 GCL
008 140319s9999 xx 000 0 ara d
040 _aGCL /
_cGCL
082 0 4 _a953.07393
_bع ص
100 1 _aعبداللطيف حمزة
245 1 0 _aصلاح الدين بطل حطين /
_cعبداللطيف حمزة
260 _a[S.N] :
_bدار الفكر العربى
490 _a
650 0 4 _aالعالم العربى
650 0 4 _aتاريخ
650 0 4 _aالدولة الايوبية
650 0 4 _aصلاح الدين الايوبى
650 0 4 _aالايوبيون
942 _2ddc
_cBK
999 _c32404
_d32404